| 000 | 00556nam a2200157Ia 4500 | ||
|---|---|---|---|
| 008 | 151213s9999 xx 000 0 und d | ||
| 100 | _aআলী আনোয়ার। | ||
| 245 |
_aআধুনিক ইউরোপীয় নাটক। _cআলী আনোয়ার। |
||
| 250 | _a১ম সং | ||
| 260 |
_aঢাকা _bবাংলা একাডেমী। _c1985 |
||
| 300 | _a4461 p. | ||
| 650 | _aBangla | ||
| 650 | _aসমালোচনা গ্রন্থ | ||
| 700 | _aআলী আনোয়ার। | ||
| 999 |
_c2836 _d2836 |
||